000 00594nam a2200133Ia 4500
008 171212s9999 xx 000 0 und d
020 _a9781920942731
245 _ceditor Arklay, Tracey;Nethercote, John;Wanna, John
_aAustralian Political Lives
_bChronicling political careers and administrative histories
260 _bANU E Press
_c2006
440 _aAustralia and New Zealand School of Government (ANZSOG)
650 _aHistory
650 _aPoliticians -- Australia -- Biography -- History and criticism; Campaign biography -- Australia
856 _uwww.jstor.org/stable/10.2307/j.ctt2jbjc9
999 _c351006
_d351006